| 000 | 01232nam a22002057a 4500 | ||
|---|---|---|---|
| 999 |
_c56723 _d56723 |
||
| 003 | Ge_BSU | ||
| 005 | 20190421015949.0 | ||
| 008 | 190129s ge ||||| |||| 00| 0 geo d | ||
| 041 | _ageo | ||
| 080 | _a398(479.223)+39(479.223) ნ-89 | ||
| 100 |
_aნოღაიდელი, ჯემალ _eმეგრელიძე, იოსებ _9114 |
||
| 245 |
_aაჭარული ზეპირსიტყვიერებისა და ეთნოგრაფიის მასალები / _cი. მეგრელიძის რედ. და წინასიტყვაობით/ საქ. მეცნ. აკად., ბათუმის სამეცნ.-კვლევ. ინ-ტი. |
||
| 264 |
_aთბილისი: _bმეცნიერება, _c1967 |
||
| 300 |
_a91გვ.: _b1ფ. პორტრ.; _c20სმ. |
||
| 500 | _aპარალ. სათაური რუსულ ენაზე | ||
| 700 |
_aჯემალ, ნოღაიდელი. _9115 |
||
| 700 |
_aიოსებ,მეგრელიძე. _9116 |
||
| 710 |
_aსაქ. მეცნ. აკად., ბათუმის სამეცნ.-კვლევ. ინ-ტი. _9117 |
||
| 942 |
_2udc _cBK |
||